000 00426nam a2200157Ia 4500
001 55920
008 080101n ii |||gr||||Z||||||465
020 _a81-7110-017-6(Vol.111)
100 _aDutta,
_eM.N.,
245 0 _aMahabharata (Vol-111)
_cTranslated By-M.N.Dutta
_hTextual Documents
260 _aDelhi:
_bParimal Publications.
300 _a228p:
_c24cm.
653 _aReligion
653 _aG-Religion
942 _2ddc
_cBK
999 _c55844
_d55844